000
00275nam a2200109Ia 4500
008
240521s1999 xx 000 0 und d
041
_a
eng
100
_a
BANZ H.
245
_a
BUILDING CONSTRUCTION DETAILS.
260
_b
C.B.S. PUBLISERS 8D DELHI- 32
_c
1999
300
_a
272
999
_c
1157821
_d
1157821